000
00243nam a2200097Ia 4500
001
645000
005
20250826153615.0
008
250824s9999 xx 000 0 und d
245
0
_a
Kocakafa Nate 6/Tam Havasında
_c
Lincoln Peirce
260
_b
ALTIN
999
_c
645000
_d
645000